[Event "TUR-chT 1st League"]
[Site "Konya"]
[Date "2022.08.25"]
[Round "6.5"]
[White "Ozmen, Mustafa Lutfi Poyra"]
[Black "Sat, Eray"]
[Result "1-0"]
[WhiteElo "1923"]
[BlackElo "1823"]
[PlyCount "81"]
[EventDate "2022.08.22"]
[EventType "team-swiss"]
[EventRounds "9"]
[EventCountry "TUR"]
[SourceTitle "CBM 209 Extra"]
[Source "ChessBase"]
[SourceDate "2022.09.30"]
[SourceVersion "1"]
[SourceVersionDate "2022.09.30"]
[SourceQuality "1"]
[WhiteTeam "Varyant Genclik"]
[BlackTeam "Yalova Belediye"]
[WhiteTeamCountry "TUR"]
[BlackTeamCountry "TUR"]

1. d4 Nf6 2. Nf3 g6 3. Nc3 d5 4. Bf4 Bg7 5. Nb5 Na6 6. h3 0-0 7. e3 Ne4 8. Nd2 Nxd2 9. Qxd2 c5 10. c3 Bf5 11. Be2 Qb6 12. 0-0 c4 13. a4 f6 14. g4 Bd7 15. b3 e5 16. Bg3 cxb3 17. Rfb1 Bc6 18. Rxb3 Qd8 19. Qb2 Nb8 20. Qa3 Nd7 21. Nd6 b6 22. e4 Rb8 23. Rd1 exd4 24. cxd4 Kh8 25. Rc3 Ba8 26. Qb3 Qe7 27. Rc7 dxe4 28. Bb5 Rbd8 29. Bc4 f5 30. Nf7+ Rxf7 31. Bxf7 f4 32. Bxf4 Rf8 33. Be6 Rxf4 34. Rxd7 Qh4 35. Qg3 Qg5 36. h4 Qf6 37. d5 g5 38. hxg5 Qxg5 39. Rc1 Rf3 40. Rc8+ Rf8 41. Rcc7 1-0

[Event "TUR Cup"]
[Site "Antalya"]
[Date "2020.01.28"]
[Round "4"]
[White "Sat, Eray"]
[Black "Mutlu, Bunyamin"]
[Result "1-0"]
[WhiteElo "1781"]
[BlackElo "1460"]
[PlyCount "39"]
[EventDate "2020.01.26"]
[EventType "swiss"]
[EventRounds "11"]
[EventCountry "TUR"]
[SourceTitle "CBM 194 Extra"]
[Source "ChessBase"]
[SourceDate "2020.03.31"]
[SourceVersion "1"]
[SourceVersionDate "2020.03.31"]
[SourceQuality "1"]

1. e4 e5 2. Nf3 Nc6 3. Bb5 a6 4. Ba4 Nf6 5. 0-0 b5 6. Bb3 Be7 7. Re1 0-0 8. h3 Bb7 9. d3 Re8 10. Nc3 Bf8 11. Ng5 Re7 12. Nd5 Nxd5 13. exd5 Nd4 14. Qh5 h6 15. d6 Nxb3 16. dxe7 Qxe7 17. axb3 g6 18. Qh4 Qb4 19. Qxb4 Bxb4 20. c3 1-0

[Event "TUR Cup"]
[Site "Antalya"]
[Date "2020.01.27"]
[Round "2"]
[White "Sat, Eray"]
[Black "Can, Melih Kaan"]
[Result "0-1"]
[WhiteElo "1781"]
[BlackElo "2138"]
[PlyCount "75"]
[EventDate "2020.01.26"]
[EventType "swiss"]
[EventRounds "11"]
[EventCountry "TUR"]
[SourceTitle "CBM 194 Extra"]
[Source "ChessBase"]
[SourceDate "2020.03.31"]
[SourceVersion "1"]
[SourceVersionDate "2020.03.31"]
[SourceQuality "1"]

1. e4 c5 2. Nf3 Nc6 3. d4 cxd4 4. Nxd4 e5 5. Nb5 d6 6. N1c3 a6 7. Na3 b5 8. Nd5 Nge7 9. c4 Nd4 10. Be3 Nxd5 11. cxd5 Be7 12. Bd3 0-0 13. 0-0 f5 14. exf5 Nxf5 15. Nc2 Nxe3 16. Nxe3 Bg5 17. a4 Bd7 18. axb5 axb5 19. Rxa8 Qxa8 20. Qh5 Bh6 21. g4 Rf3 22. Be4 Rf4 23. Bf5 Bxf5 24. Nxf5 Qf8 25. Ra1 Ra4 26. Rxa4 bxa4 27. Nxh6+ gxh6 28. g5 hxg5 29. Qxg5+ Qg7 30. Qg3 Kf7 31. Kg2 Qxg3+ 32. Kxg3 Kg6 33. Kg4 h5+ 34. Kh4 Kh6 35. f3 Kg6 36. h3 Kh6 37. Kg3 Kg5 38. Kf2 0-1

[Event "TUR-chT 1st League"]
[Site "Konya"]
[Date "2019.07.23"]
[Round "3.5"]
[White "Sat, Eray"]
[Black "Demirelli, Ilyas Doguhan"]
[Result "0-1"]
[WhiteElo "1723"]
[BlackElo "1888"]
[PlyCount "72"]
[EventDate "2019.07.22"]
[EventType "team-swiss"]
[EventRounds "9"]
[EventCountry "TUR"]
[SourceTitle "CBM 191 Extra"]
[Source "ChessBase"]
[SourceDate "2019.09.30"]
[SourceVersion "1"]
[SourceVersionDate "2019.09.30"]
[SourceQuality "1"]
[WhiteTeam "Yalova Belediye"]
[BlackTeam "Pamukkale Universiteli"]
[WhiteTeamCountry "TUR"]
[BlackTeamCountry "TUR"]

1. e4 Nf6 2. e5 Nd5 3. d4 d6 4. Nf3 g6 5. Bc4 Nb6 6. Bb3 Bg7 7. 0-0 0-0 8. Re1 d5 9. h3 Na6 10. Be3 e6 11. Nbd2 Qe7 12. Bg5 Qe8 13. c3 c5 14. Nf1 cxd4 15. cxd4 h6 16. Bf4 Qe7 17. h4 Bd7 18. Qd2 Kh7 19. Ne3 Qb4 20. Qd1 Ba4 21. Ng4 Bxb3 22. axb3 Rfc8 23. Qd3 Qf8 24. Rxa6 bxa6 25. h5 Nd7 26. Nh4 Qe8 27. Re3 Nf8 28. Rh3 Qb5 29. hxg6+ Nxg6 30. Qg3 Nxf4 31. Qxf4 Qe2 32. Nf6+ Bxf6 33. Qxf6 Rc1+ 34. Kh2 Rg8 35. Nf3 Rh1+ 36. Kxh1 Qf1+ 0-1

[Event "TUR-chT 2nd League"]
[Site "Konya"]
[Date "2018.07.21"]
[Round "8.3"]
[White "Sat, Eray"]
[Black "Kesgin, Halit Kaan"]
[Result "0-1"]
[WhiteElo "1745"]
[BlackElo "2049"]
[PlyCount "92"]
[EventDate "2018.07.16"]
[EventType "team-swiss"]
[EventRounds "9"]
[EventCountry "TUR"]
[SourceTitle "EXT 2019"]
[Source "ChessBase"]
[SourceDate "2018.10.10"]
[SourceVersion "1"]
[SourceVersionDate "2018.10.10"]
[SourceQuality "1"]
[WhiteTeam "Yalova Belediye"]
[BlackTeam "Pendik Dernegi"]
[WhiteTeamCountry "TUR"]
[BlackTeamCountry "TUR"]

1. e4 e6 2. b3 d5 3. Bb2 dxe4 4. Nc3 Nf6 5. g4 Bd7 6. Bg2 Bc6 7. Qe2 Nbd7 8. Nxe4 Nxe4 9. Bxe4 Bxe4 10. Qxe4 Nc5 11. Qf3 Qd5 12. Qxd5 exd5 13. 0-0-0 Bd6 14. Re1+ Kd7 15. Ne2 Rhe8 16. f3 Ne6 17. Ng3 g6 18. Kd1 Ng5 19. Rhf1 Rxe1+ 20. Kxe1 Re8+ 21. Kf2 Nh3+ 22. Kg2 Nf4+ 23. Kf2 h5 24. h4 f5 25. g5 c5 26. d4 Nh3+ 27. Kg2 Nf4+ 28. Kf2 Rc8 29. Ne2 cxd4 30. Nxd4 Be5 31. Ke3 Re8 32. Rh1 Ne6 33. Rd1 Nxd4 34. Bxd4 Bg3+ 35. Kd3 Bxh4 36. Rh1 Bg3 37. Bxa7 Ra8 38. Bd4 Rxa2 39. Rg1 h4 40. Rg2 Ra8 41. Bf6 Re8 42. Bc3 Bf4 43. Rg1 Re3+ 44. Kd4 Rxf3 45. Rh1 Bxg5 46. Be1 h3 0-1

[Event "TUR Cup										"]
[Site "Antalya"]
[Date "2018.02.02"]
[Round "10"]
[White "Uregen, Rafet"]
[Black "Sat, Eray"]
[Result "0-1"]
[WhiteElo "1595"]
[BlackElo "1841"]
[PlyCount "46"]
[EventDate "2018.01.27"]
[EventType "swiss"]
[EventRounds "11"]
[EventCountry "TUR"]
[SourceTitle "CBM 182 Extra"]
[Source "ChessBase"]
[SourceDate "2018.02.23"]
[SourceVersion "1"]
[SourceVersionDate "2018.02.23"]
[SourceQuality "1"]

1. e4 c5 2. Nc3 Nc6 3. g3 g6 4. Bg2 Bg7 5. Nge2 Rb8 6. d3 d6 7. Be3 b5 8. Qd2 b4 9. Nd1 Nf6 10. h3 a5 11. f4 Qb6 12. 0-0 Nd7 13. c3 0-0 14. d4 a4 15. Rc1 Ba6 16. dxc5 Nxc5 17. Re1 Rfc8 18. Nd4 bxc3 19. Rxc3 Nb4 20. Ra3 Ncd3 21. Nf5 Qd8 22. Nxg7 Rc2 23. Rxd3 Bxd3 0-1

[Event "TUR Cup										"]
[Site "Antalya"]
[Date "2018.01.30"]
[Round "5"]
[White "Sat, Eray"]
[Black "Kara, Gulce Nehir"]
[Result "1-0"]
[WhiteElo "1841"]
[BlackElo "1744"]
[PlyCount "61"]
[EventDate "2018.01.27"]
[EventType "swiss"]
[EventRounds "11"]
[EventCountry "TUR"]
[SourceTitle "CBM 182 Extra"]
[Source "ChessBase"]
[SourceDate "2018.02.23"]
[SourceVersion "1"]
[SourceVersionDate "2018.02.23"]
[SourceQuality "1"]

1. e4 c5 2. Nc3 a6 3. Nf3 d6 4. d4 cxd4 5. Nxd4 Nf6 6. Bg5 e6 7. f4 Be7 8. Qf3 Nbd7 9. 0-0-0 h6 10. Bh4 g5 11. fxg5 Ne5 12. gxf6 Nxf3 13. fxe7 Qa5 14. Nxf3 Qc5 15. Kb1 Bd7 16. Be2 b5 17. Bd3 b4 18. Ne2 Rc8 19. Rd2 a5 20. c3 bxc3 21. Nxc3 Qb4 22. a3 Qb7 23. Ka1 Rg8 24. Rhd1 Rb8 25. Nd4 f6 26. Bxf6 Rg6 27. Bh4 Kf7 28. g3 Kg7 29. Ndb5 Bxb5 30. Bxb5 Kh8 31. Rxd6 1-0

[Event "TUR Cup"]
[Site "Antalya"]
[Date "2017.01.30"]
[Round "4"]
[White "Karaaslan, Murat"]
[Black "Sat, Eray"]
[Result "0-1"]
[WhiteElo "1492"]
[BlackElo "1839"]
[PlyCount "90"]
[EventDate "2017.01.28"]
[EventType "swiss"]
[EventRounds "11"]
[EventCountry "TUR"]
[SourceTitle "CBM 176 Extra"]
[Source "ChessBase"]
[SourceDate "2017.03.02"]
[SourceVersion "1"]
[SourceVersionDate "2017.03.02"]
[SourceQuality "1"]

1. e4 c5 2. Nf3 d6 3. d4 cxd4 4. Nxd4 Nf6 5. Nc3 g6 6. Be3 Bg7 7. Be2 0-0 8. 0-0 Nc6 9. f4 Bd7 10. Nb3 Qc8 11. h3 Be6 12. Rc1 Rd8 13. Qe1 Rb8 14. Qf2 b5 15. a3 a6 16. Nd2 d5 17. exd5 Nxd5 18. Nxd5 Bxd5 19. c3 e6 20. b3 Ne7 21. c4 bxc4 22. Nxc4 Rxb3 23. Bb6 Rf8 24. Ne5 Qb7 25. Bc5 Re8 26. Rc2 Nc6 27. Bc4 Nxe5 28. fxe5 Bxc4 29. Rxc4 Bxe5 30. Rc2 Rd8 31. Qh4 Rd7 32. Bb4 Rbd3 33. Qh6 Bg7 34. Qc1 Be5 35. Qh6 Rd8 36. Ba5 Ra8 37. Re2 Bd4+ 38. Kh2 Bg7 39. Qh4 Rxa3 40. Be1 Rd3 41. Ref2 Be5+ 42. Kh1 Bg3 43. Rxf7 Qxf7 44. Bxg3 Qxf1+ 45. Kh2 Rd1 0-1

[Event "TUR Cup"]
[Site "Antalya"]
[Date "2017.01.29"]
[Round "2"]
[White "Kanmazalp, Ogulcan"]
[Black "Sat, Eray"]
[Result "1-0"]
[WhiteElo "2431"]
[BlackElo "1839"]
[PlyCount "73"]
[EventDate "2017.01.28"]
[EventType "swiss"]
[EventRounds "11"]
[EventCountry "TUR"]
[SourceTitle "CBM 176 Extra"]
[Source "ChessBase"]
[SourceDate "2017.03.02"]
[SourceVersion "1"]
[SourceVersionDate "2017.03.02"]
[SourceQuality "1"]

1. e4 c5 2. Nf3 d6 3. d4 cxd4 4. Qxd4 Nc6 5. Bb5 Bd7 6. Bxc6 Bxc6 7. Nc3 Nf6 8. Bg5 e6 9. Qd3 Be7 10. Nd4 a6 11. 0-0-0 Qc7 12. f4 0-0-0 13. Nxc6 Qxc6 14. f5 h6 15. Bh4 Rhe8 16. fxe6 fxe6 17. Qh3 Nd7 18. Bg3 Bg5+ 19. Kb1 Nc5 20. e5 d5 21. Bf2 Kb8 22. Qg4 Rf8 23. Bd4 Rf4 24. Qg3 Rc8 25. Bxc5 Qxc5 26. h4 d4 27. hxg5 hxg5 28. Qxg5 Rf5 29. Qd2 dxc3 30. Qd6+ Qxd6 31. exd6 cxb2 32. Rhe1 Rf2 33. d7 Rd8 34. g3 Rf3 35. Rxe6 Rxg3 36. Re5 Rf3 37. Re7 1-0

[Event "Manavgat Turkey Cup"]
[Site "Manavgat"]
[Date "2016.02.04"]
[Round "9"]
[White "Sat, Eray"]
[Black "Rzayev, Askar Aliakbar"]
[Result "1/2-1/2"]
[WhiteElo "1898"]
[BlackElo "2082"]
[PlyCount "75"]
[EventDate "2016.01.30"]
[EventType "swiss"]
[EventRounds "11"]
[EventCountry "TUR"]
[SourceTitle "CBM 170 Extra"]
[Source "ChessBase"]
[SourceDate "2016.02.25"]
[SourceVersion "1"]
[SourceVersionDate "2016.02.25"]
[SourceQuality "1"]

1. e4 c5 2. Ne2 Nc6 3. c4 g6 4. d4 cxd4 5. Nxd4 Bg7 6. Be3 Nf6 7. Nc3 d6 8. Be2 0-0 9. 0-0 Bd7 10. f3 Nxd4 11. Bxd4 Bc6 12. Qd2 a5 13. b3 Nd7 14. Bxg7 Kxg7 15. Qd4+ Kg8 16. Nd5 Bxd5 17. exd5 Qb6 18. Qxb6 Nxb6 19. Kf2 Rfc8 20. Ke3 a4 21. f4 axb3 22. axb3 Rxa1 23. Rxa1 Ra8 24. Rxa8+ Nxa8 25. Kd4 b6 26. b4 Nc7 27. Bg4 f5 28. Bd1 Na6 29. Kc3 Kf7 30. Ba4 e6 31. dxe6+ Kxe6 32. Bc6 h6 33. Bb7 Nc7 34. Kd4 Kf6 35. g3 Ke7 36. h4 h5 37. Bd5 Na6 38. Kc3 1/2-1/2

[Event "Manavgat Turkey Cup"]
[Site "Manavgat"]
[Date "2016.02.02"]
[Round "5"]
[White "Sat, Eray"]
[Black "Deva, Atilla"]
[Result "1-0"]
[WhiteElo "1898"]
[BlackElo "1697"]
[PlyCount "91"]
[EventDate "2016.01.30"]
[EventType "swiss"]
[EventRounds "11"]
[EventCountry "TUR"]
[SourceTitle "CBM 170 Extra"]
[Source "ChessBase"]
[SourceDate "2016.02.25"]
[SourceVersion "1"]
[SourceVersionDate "2016.02.25"]
[SourceQuality "1"]

1. e4 Nc6 2. Nf3 f5 3. exf5 d5 4. Bb5 Bxf5 5. Ne5 Qd6 6. d4 e6 7. Qh5+ g6 8. Qe2 Bg7 9. g4 Bxe5 10. Bxc6+ bxc6 11. dxe5 Qb4+ 12. c3 Qxg4 13. f3 Qh4+ 14. Kd1 Ne7 15. Be3 0-0 16. Nd2 Qa4+ 17. b3 Qb5 18. Qxb5 cxb5 19. Bc5 Rf7 20. a4 bxa4 21. Rxa4 Nc6 22. f4 a6 23. Ke2 Nd8 24. Rha1 Nb7 25. Be3 a5 26. b4 c6 27. bxa5 Ra6 28. Bb6 c5 29. R1a2 c4 30. Ke3 Rd7 31. Nf3 Kf7 32. Nd4 Bg4 33. Nc6 Bd1 34. R4a3 Ra8 35. a6 Nc5 36. Bxc5 Rc7 37. Nd8+ Rxd8 38. Bb6 Rcc8 39. Bxd8 Rxd8 40. a7 Ra8 41. Ra6 d4+ 42. Kxd4 Bf3 43. Rb6 Ke7 44. Rb8 Kd7 45. Rxa8 Bxa8 46. Rb2 1-0

[Event "Manavgat Turkey Cup"]
[Site "Manavgat"]
[Date "2015.02.04"]
[Round "7"]
[White "Yilmaz, Goktan"]
[Black "Sat, Eray"]
[Result "1-0"]
[WhiteElo "1982"]
[BlackElo "1850"]
[PlyCount "53"]
[EventDate "2015.01.31"]
[EventType "swiss"]
[EventRounds "11"]
[EventCountry "TUR"]
[SourceTitle "CBM 164 Extra"]
[Source "ChessBase"]
[SourceDate "2015.03.02"]
[SourceVersion "1"]
[SourceVersionDate "2015.03.02"]
[SourceQuality "1"]

1. e4 c6 2. d4 d5 3. Nd2 dxe4 4. Nxe4 Nd7 5. Nf3 Ngf6 6. Nxf6+ Nxf6 7. Ne5 e6 8. c3 Be7 9. Bd3 0-0 10. Qe2 Qc7 11. Bf4 Bd6 12. 0-0-0 c5 13. Bc2 cxd4 14. Rxd4 Nd5 15. Bg3 b5 16. Bxh7+ Kh8 17. Rh4 Nf6 18. Be4+ Kg8 19. Bxa8 b4 20. c4 Ba6 21. Bc6 Rc8 22. Ba4 Qc5 23. Rd1 Bxe5 24. Qxe5 Nd5 25. b3 Qa5 26. Qh5 f5 27. Qg6 1-0

[Event "Gebze op 5th"]
[Site "Kocaeli"]
[Date "2014.09.24"]
[Round "7"]
[White "Sat, Eray"]
[Black "Baglan, Esat"]
[Result "1/2-1/2"]
[WhiteElo "1796"]
[BlackElo "2115"]
[PlyCount "178"]
[EventDate "2014.09.20"]
[EventType "swiss"]
[EventRounds "9"]
[EventCountry "TUR"]
[SourceTitle "CBM 162 Extra"]
[Source "ChessBase"]
[SourceDate "2014.10.17"]
[SourceVersion "1"]
[SourceVersionDate "2014.10.17"]
[SourceQuality "1"]

1. e4 c5 2. Nf3 Nc6 3. d4 cxd4 4. Nxd4 Nf6 5. Nc3 d6 6. Bg5 e6 7. Be2 Be7 8. Be3 a6 9. 0-0 0-0 10. Kh1 Nxd4 11. Bxd4 b5 12. Bf3 Bb7 13. a3 Qc7 14. Re1 Nd7 15. Be2 Rac8 16. Bd3 Ne5 17. Bxe5 dxe5 18. Qe2 Rfd8 19. Nb1 Qb6 20. Nd2 Bc5 21. Kg1 Bc6 22. Nb3 Bd6 23. Qe3 Qxe3 24. Rxe3 Bc7 25. Ree1 Bb6 26. Red1 f5 27. exf5 e4 28. Be2 exf5 29. Rxd8+ Rxd8 30. Rd1 Rxd1+ 31. Bxd1 Bd5 32. Kf1 Kf7 33. c3 Ke6 34. g3 g5 35. Nd2 Ke5 36. Be2 f4 37. Ke1 e3 38. fxe3 fxg3 39. hxg3 Bxe3 40. Bg4 Bb7 41. Ke2 Ba7 42. Nf3+ Kf6 43. Bd7 h5 44. Be8 g4 45. Nd4 Kg5 46. Ne6+ Kh6 47. Nd4 Bd5 48. Bd7 Bb8 49. Kf2 Bb7 50. Be8 Bc8 51. a4 bxa4 52. Bxa4 Kg5 53. Bc6 h4 54. gxh4+ Kxh4 55. Kg2 g3 56. Nf3+ Kg4 57. Nd4 Bc7 58. Bd5 Bd7 59. Bb7 a5 60. Bd5 a4 61. Bb7 Kf4 62. Ne2+ Kg4 63. Nd4 Bf4 64. Ne2 Be5 65. Nd4 Bf4 66. Ne2 Be3 67. Bd5 Be8 68. Nxg3 Bc1 69. Ne4 Kf4 70. Nc5 Ke3 71. Nxa4 Bxa4 72. b3 Bd7 73. c4 Kd4 74. b4 Ba3 75. b5 Bc5 76. Kf3 Ke5 77. Ke2 Kf4 78. Kd3 Bf5+ 79. Kc3 Ke3 80. Kb3 Kd4 81. Ka4 Bb6 82. Kb4 Bc2 83. Be6 Bd8 84. Bf7 Be7+ 85. Ka5 Kc5 86. Ka6 Bd8 87. Be6 Be4 88. Bd5 Bf5 89. Kb7 Bd7 1/2-1/2

[Event "Gebze op 5th"]
[Site "Kocaeli"]
[Date "2014.09.23"]
[Round "6"]
[White "Rahimli, Ilkin Alisaftar"]
[Black "Sat, Eray"]
[Result "0-1"]
[WhiteElo "1931"]
[BlackElo "1796"]
[PlyCount "128"]
[EventDate "2014.09.20"]
[EventType "swiss"]
[EventRounds "9"]
[EventCountry "TUR"]
[SourceTitle "CBM 162 Extra"]
[Source "ChessBase"]
[SourceDate "2014.10.17"]
[SourceVersion "1"]
[SourceVersionDate "2014.10.17"]
[SourceQuality "1"]

1. e4 c6 2. d4 d5 3. Bd3 dxe4 4. Bxe4 Nf6 5. Bf3 Bf5 6. Ne2 e6 7. Nbc3 Nbd7 8. 0-0 Bd6 9. Ng3 Bg6 10. Nce4 Nxe4 11. Nxe4 Bxe4 12. Bxe4 Bxh2+ 13. Kxh2 Qh4+ 14. Kg1 Qxe4 15. Re1 Qf5 16. Re3 0-0 17. Rg3 Kh8 18. a4 f6 19. Rh3 Rfe8 20. Raa3 e5 21. Rh5 Qg6 22. Rg3 Qf7 23. Rgh3 Qg6 24. dxe5 Nxe5 25. f4 Rad8 26. Bd2 Qg4 27. Rxh7+ Kg8 28. Qxg4 Nxg4 29. Rh8+ Kf7 30. Rxe8 Rxe8 31. Rd3 f5 32. Bc3 g6 33. Rh3 Re2 34. Rh7+ Ke6 35. Rg7 Rxc2 36. Kf1 Ne3+ 37. Ke1 Rxg2 38. Rxb7 Kd5 39. Re7 Ng4 40. Rxa7 Ke4 41. Bd2 Rg1+ 42. Ke2 Rg2+ 43. Kd1 Ne3+ 44. Bxe3 Kxe3 45. Rc7 Rxb2 46. Rxc6 Ra2 47. Rxg6 Rxa4 48. Rb6 Kxf4 49. Rb3 Re4 50. Kd2 Kg4 51. Kd3 Re7 52. Rb1 f4 53. Rg1+ Kf3 54. Rf1+ Kg3 55. Rg1+ Kf2 56. Rg6 f3 57. Kd2 Kf1 58. Rf6 f2 59. Rg6 Rd7+ 60. Kc2 Rd5 61. Kc3 Ke2 62. Re6+ Kf3 63. Rf6+ Ke3 64. Kc2 Rd4 0-1

[Event "Gebze op 5th"]
[Site "Kocaeli"]
[Date "2014.09.21"]
[Round "2"]
[White "Haj Bakkor, Mohamed"]
[Black "Sat, Eray"]
[Result "1-0"]
[WhiteElo "2119"]
[BlackElo "1796"]
[PlyCount "75"]
[EventDate "2014.09.20"]
[EventType "swiss"]
[EventRounds "9"]
[EventCountry "TUR"]
[SourceTitle "CBM 162 Extra"]
[Source "ChessBase"]
[SourceDate "2014.10.17"]
[SourceVersion "1"]
[SourceVersionDate "2014.10.17"]
[SourceQuality "1"]

1. e4 c6 2. d4 d5 3. e5 Bf5 4. Be3 e6 5. Nd2 Nd7 6. Nb3 Qc7 7. f4 Qb6 8. Nf3 Ne7 9. Be2 Bg6 10. 0-0 Nf5 11. Bf2 Qc7 12. Rc1 Rc8 13. g4 Ne7 14. Nh4 h6 15. Nxg6 Nxg6 16. Bg3 Be7 17. f5 Ngf8 18. h4 Nb6 19. Qe1 g5 20. h5 Nfd7 21. fxe6 fxe6 22. Bd3 Nf8 23. Qf2 Bd8 24. Rce1 Qg7 25. Re3 Rc7 26. Rf3 Re7 27. Nc5 Nc8 28. Rf6 Bb6 29. Bg6+ Nxg6 30. Rxg6 Qf7 31. Qe3 Qh7 32. Nxe6 Rf7 33. Rxf7 Qxf7 34. Ng7+ Kd8 35. e6 Qe7 36. Nf5 Qb4 37. c3 Qf8 38. Rg7 1-0

[Event "Kemer Turkey Cup"]
[Site "Kemer"]
[Date "2014.02.07"]
[Round "8"]
[White "Sat, Eray"]
[Black "Okus, Melih"]
[Result "1-0"]
[WhiteElo "1734"]
[BlackElo "1989"]
[PlyCount "133"]
[EventDate "2014.02.01"]
[EventType "swiss"]
[EventRounds "9"]
[EventCountry "TUR"]
[SourceTitle "CBM 158 Extra"]
[Source "ChessBase"]
[SourceDate "2014.02.28"]
[SourceVersion "1"]
[SourceVersionDate "2014.02.28"]
[SourceQuality "1"]

1. e4 g6 2. d4 Bg7 3. Nc3 c5 4. dxc5 Qa5 5. Bd2 Qxc5 6. Nf3 Nf6 7. Bd3 0-0 8. 0-0 d6 9. h3 Nc6 10. Be3 Qa5 11. Qc1 Nb4 12. a3 Nxd3 13. cxd3 Bd7 14. Bh6 Rac8 15. Bxg7 Kxg7 16. Qd2 Rc7 17. Rfe1 Be6 18. Nd4 Bd7 19. Nc2 Rfc8 20. Kh1 Qh5 21. Ne3 Qg5 22. Rad1 Qh6 23. Qe2 e6 24. Kh2 b5 25. Rf1 a5 26. f4 b4 27. axb4 axb4 28. Na2 Qh5 29. g4 Qa5 30. Nc1 Qb5 31. Qf2 Rxc1 32. Rxc1 Rxc1 33. Rxc1 Qxd3 34. Rd1 Qxe4 35. Ng2 b3 36. Qd4 d5 37. Qxe4 Nxe4 38. Rd3 Ba4 39. Rd4 Bb5 40. Ne3 Nc5 41. Nxd5 exd5 42. Rxd5 Nd3 43. Rxb5 Nxb2 44. Rxb3 Nc4 45. Kg3 Nd2 46. Rb7 Ne4+ 47. Kf3 Nc5 48. Rb5 Ne6 49. Ra5 Nd4+ 50. Ke4 Ne6 51. h4 Nf8 52. Ra7 Ne6 53. Ke5 Nc5 54. Rc7 Nd3+ 55. Ke4 Nf2+ 56. Kf3 Nd3 57. Ke3 Nb4 58. Kd4 Kf6 59. Rc8 h5 60. Rc4 Na2 61. gxh5 gxh5 62. Kc5 Kf5 63. Rc2 Kg4 64. Rxa2 Kxh4 65. Rg2 f5 66. Kd5 Kh3 67. Rg8 1-0

[Event "Kemer Turkey Cup"]
[Site "Kemer"]
[Date "2014.02.02"]
[Round "2"]
[White "Patel, Yesim"]
[Black "Sat, Eray"]
[Result "1-0"]
[WhiteElo "1878"]
[BlackElo "1734"]
[PlyCount "41"]
[EventDate "2014.02.01"]
[EventType "swiss"]
[EventRounds "9"]
[EventCountry "TUR"]
[SourceTitle "CBM 158 Extra"]
[Source "ChessBase"]
[SourceDate "2014.02.28"]
[SourceVersion "1"]
[SourceVersionDate "2014.02.28"]
[SourceQuality "1"]

1. e4 c6 2. d4 d5 3. Nc3 dxe4 4. Nxe4 Nd7 5. Bc4 e6 6. Nf3 Ngf6 7. Neg5 h6 8. Nh3 Nb6 9. Bd3 Bd6 10. Bf4 0-0 11. Qd2 c5 12. dxc5 Bxc5 13. 0-0-0 Nbd5 14. Bxh6 gxh6 15. Qxh6 Qe7 16. Nfg5 Bd6 17. Rhe1 Nf4 18. Bh7+ Kh8 19. Bf5+ Kg8 20. Ne4 N4d5 21. Rxd5 1-0